Les 10 villes les plus peuplées de Vendée (85) - Statistiques

Statistiques générales
  • Ce quiz a été pris 80 fois
  • Le résultat moyen est 6 sur 10
Statistiques - réponses
Population Communes % Correct
54 700 La Roche-sur-Yon
100%
48 700 Les Sables-d'Olonne
94%
22 900 Challans
78%
16 600 Les Herbiers
68%
13 800 Fontenay-le-Comte
64%
9 500 Luçon
52%
20 800 Montaigu-Vendée
43%
10 200 Aizenay
41%
8 800 Saint-Jean-de-Monts
38%
12 900 Saint-Hilaire-de-Riez
35%
Aucun quiz correspondant
Distribution des résultats
% des personnes avec chaque résultat
Percentile par nombre de réponses
Votre historique - résultats
Vous n’avez pas pris ce quiz